000 00556nam a2200193Ia 4500
005 20260429111943.0
008 260429s9999||||xx |||||||||||||| ||und||
020 _a9789370442016
041 _aEnglish
082 _a577.14
_bSIN
100 _aSinha, Savita
245 0 _aEnvironmental chemistry :
_bgreen chemistry and pollutants in ecosystems /
_cSavita Sinha
260 _aNew Delhi :
_bAsia Publishers,
_c2026.
300 _ax, 244 p.; hb
650 _a Environmental chemistry
650 _a Green chemistry
650 _aEcology
942 _cTB
999 _c51593
_d51593